000 00578nam a2200193Ia 4500
005 20260429112027.0
008 260429s9999||||xx |||||||||||||| ||und||
020 _a9781032480534
041 _aEnglish
082 _a907.2
_bSHE
100 _aImaz-Sheinbaum, Mariana
245 0 _aHistorical narratives :
_bconstructable, evaluable, inevitable /
_cMariana Imaz-Sheinbaum
250 _a1st ed.
260 _aUnited Kingdom :
_bRoutledge,
_c2024.
300 _axii, 140 p.; hb
440 _aRoutledge approaches to history; 57
650 _aHistory: Research
942 _cTB
999 _c51965
_d51965